[Event "FIDE Grand Prix - Preliminari Tie Break"]
[Site "Berlino"]
[Date "11.02.2022"]
[Round "TB1"]
[White "Wojtaszek, Radoslaw"]
[Black "Rapport, Richard"]
[Result "0-1"]
[WhiteTitle ""]
[BlackTitle ""]
[WhiteElo "2686"]
[BlackElo "2763"]
[WhiteFideId "1118358"]
[BlackFideId "738590"]
[EventDate "2022.02.11"]

1. d4 d6 2. Nf3 Nf6 3. c4 g6 4. g3 Bg7 5. Bg2 O-O 6. O-O c6 7. Nc3 Qb6 8. h3 Qa6
9. b3 b5 10. Nd2 bxc4 11. Nxc4 Bb7 12. Bb2 Nbd7 13. e4 Rfd8 14. Qc2 d5 15. Ne5
dxe4 16. Nxe4 Nxe4 17. Bxe4 Rac8 18. Rfd1 c5 19. Bxb7 Qxb7 20. Nxd7 Rxd7 21.
Rac1 Qf3 22. Ba1 h5 23. Qd3 Qxd3 24. Rxd3 h4 25. gxh4 Rd5 26. b4 c4 27. Ra3 Bxd4
28. Bxd4 Rxd4 29. Rxa7 c3 30. Rxe7 c2 31. Kf1 Rxb4 32. Ke2 Rxh4 33. Re3 Ra4 34.
a3 Kg7 35. Kd2 Rf4 36. f3 Rfc4 37. Rb3 R4c5 38. a4 Kh6 39. Ra3 Kg5 40. Ra2 Rd5+
41. Ke3 Re8+ 42. Kf2 Rd2+ 43. Kg3 Ree2 44. f4+ Kf5 45. Rb2 Rd3+ 46. Kh4 g5+ 0-1

[Event "FIDE Grand Prix - Preliminari Tie Break"]
[Site "Berlino"]
[Date "11.02.2022"]
[Round "TB2"]
[White "Rapport, Richard"]
[Black "Wojtaszek, Radoslaw"]
[Result "1/2-1/2"]
[WhiteTitle ""]
[BlackTitle ""]
[WhiteElo "2763"]
[BlackElo "2686"]
[WhiteFideId "738590"]
[BlackFideId "1118358"]
[EventDate "2022.02.11"]

1. e4 c5 2. Nf3 d6 3. Bb5+ Nd7 4. d4 cxd4 5. Qxd4 a6 6. Bxd7+ Bxd7 7. c4 Nf6 8.
Bg5 e6 9. Nc3 h6 10. Bh4 Be7 11. e5 dxe5 12. Nxe5 Qc7 13. Nxd7 Qxd7 14. Qxd7+
Kxd7 15. O-O-O+ Kc6 16. Kc2 b5 17. Rhe1 Rhd8 18. Nd5 Bc5 19. Nxf6 gxf6 20. Rxd8
Rxd8 21. cxb5+ axb5 22. Re4 Rd5 23. a4 f5 24. axb5+ Kxb5 25. Re2 e5 26. f3 Bg1
27. g4 f4 28. Bf2 Bxh2 29. Rd2 Rxd2+ 30. Kxd2 Bg3 31. Ba7 Kc4 32. Bb6 Bh4 33.
Bc7 f6 34. Bd6 Bg5 35. b4 Kd5 36. Bc7 Kc4 37. Bd6 e4 38. fxe4 f3+ 39. Ke1 Be3
40. Bc5 f2+ 41. Kf1 Bxc5 42. bxc5 Kxc5 43. Kxf2 Kd4 44. Kf3 1/2-1/2

[Event "FIDE Grand Prix - Preliminari Tie Break"]
[Site "Berlino"]
[Date "11.02.2022"]
[Round "TB1"]
[White "So, Wesley"]
[Black "Dominguez Perez, Leinier"]
[Result "1/2-1/2"]
[WhiteTitle ""]
[BlackTitle ""]
[WhiteElo "2772"]
[BlackElo "2752"]
[WhiteFideId "5202213"]
[BlackFideId "3503240"]
[EventDate "2022.02.11"]

1. d4 d5 2. c4 dxc4 3. Nf3 Nf6 4. e3 e6 5. Bxc4 a6 6. O-O c5 7. dxc5 Bxc5 8.
Qxd8+ Kxd8 9. Rd1+ Ke7 10. Be2 Rd8 11. Rxd8 Kxd8 12. Nc3 Nbd7 13. Nd4 Ke8 14.
Nb3 Be7 15. e4 b6 16. Be3 Bb7 17. f3 Rc8 18. Kf2 Nc5 19. Nxc5 Bxc5 20. Bxc5 Rxc5
21. Na4 Rc6 22. b4 Nd7 23. Ke1 Ke7 24. Kd2 Rd6+ 25. Ke3 Rc6 26. Rd1 Rc2 27. Rd2
Rxd2 28. Kxd2 Kd6 29. Ke3 e5 30. g3 f6 31. h4 b5 32. Nc3 Nb8 33. f4 Nc6 34. a3
Nd4 35. Bd3 Bc6 36. g4 h6 37. f5 Be8 38. Ne2 Nxe2 39. Bxe2 Bc6 40. Kf3 Be8 41.
Kg3 Ke7 42. Bd3 1/2-1/2